000 00799 a2200217 4500
001 30088
005 20260407155612.0
008 260407a1994 arg spa d
003 AR-UNSa-BCEJYS
040 _aAR-UNSa-BCEJYS
_bspa
_cAR-UNSa-BCEJYS
080 _a657(083)
_xResoluciones Técnicas Contables. Informes
245 1 0 _aConsolidación de estados contables
020 _a978-950-866-012-1
264 1 _aBuenos Aires :
_bReisa
_c1994
300 _a88 p.
_c28 cm.
505 _a1. Aspectos básicos - 2. Método general - 3. Incorporación de la inversión - 4. Ajustes de consolidación - 5. Eliminaciones - 6. Participaciones indirectas y reciprocas - 7. Otros aspectos
041 _aspa
942 _cBK
590 _aniveau_biblio:m niveau_hierar:0
100 1 _aSenderovich, Pablo David
999 _c2014
_d2014